| 000 | 00628nam a22002297a 4500 | ||
|---|---|---|---|
| 003 | OSt | ||
| 005 | 20220107122810.0 | ||
| 008 | 160319b xxu||||| |||| 00| 0 eng d | ||
| 020 | _a9780198093480 | ||
| 040 | _cIIITMK | ||
| 082 | _a005.758 MAH/D | ||
| 100 |
_aMahajan, Sunita _98614 |
||
| 245 |
_aDistributed computing _cSunitha Mahajan |
||
| 260 |
_aNew Delhi, _bOxford University Press, _c2013 |
||
| 300 | _axviii,616p. | ||
| 650 |
_aCOMPUTER SCIENCE _98615 |
||
| 650 |
_aCOMPUTER NETWORKS _98616 |
||
| 650 |
_aDISTRIBTED PROCESSING _98617 |
||
| 650 |
_aALGORITHMS _98618 |
||
| 700 |
_aShah, Seema _98619 |
||
| 942 |
_2ddc _cBK |
||
| 999 |
_c5016 _d5016 |
||